000 00519nam a2200193Ia 4500
999 _c14695
_d14695
003 OSt
005 20201020130415.0
008 190216s9999||||xx |||||||||||||| ||und||
020 _a9788130919034
040 _coclc
082 _a149.97
_bWOO/B
100 _aWoods, Tim
_95964
245 0 _aBeginning Postmodernism /
_cTim Woods
250 _a2nd Ed.
260 _bViva Books ,
_c2013.
_aNew Delhi:
300 _a329p
650 _aEnglish
942 _cBK
_2ddc
_h149.97
_iWOO/B
_k149.97
_mWOO/B